| 000 | 00483cam a2200193ua 4500 | ||
|---|---|---|---|
| 001 | 1565 | ||
| 008 | 110712n ii |||gr||||Z||||||eng | ||
| 020 | _a0-7069-0458-3 | ||
| 040 | _cMAIN | ||
| 082 | _a339.01 | ||
| 100 | 1 |
_aVaish, M. C., _d1973, |
|
| 245 | 1 |
_aMacro economic theory _cby M. C. Vaish |
|
| 250 | _a5th. | ||
| 260 |
_aNew Delhi: _bVikas publishing house pvt. ltd,978. |
||
| 300 |
_a521p: _bill; _c25cm. |
||
| 653 | _aEconomics | ||
| 653 | _amacro economic | ||
| 942 | _cBK | ||
| 999 |
_c1452 _d1452 |
||